GCSE French Vocab - The Human Body - Statistics

General Stats
  • This quiz has been taken 227 times
  • The average score is 15 of 27
Answer Stats
English French % Correct
Hair Cheveux
85%
Mouth Bouche (f)
84%
Eyes Yeux
78%
Hand Main (f)
76%
Arms Bras
75%
Heart Cœur (m)
75%
Foot Pied (m)
72%
Head Tête (f)
72%
Teeth Dents
70%
Nose Nez (m)
68%
Leg Jambe (f)
67%
Face Visage (m)
67%
Ears Oreilles
58%
Arm Bras (m)
52%
Eye Oeil (m)
51%
Back Dos (m)
50%
Fingers Doigts
48%
Knee Genou(x) (m)
42%
Stomach Ventre/Estomac (m)
41%
Shoulder Épaule (f)
40%
Neck Cou (m)
39%
Lips Lèvres (f)
36%
Throat Gorge (f)
35%
Elbow Coude (m)
26%
Lungs Poumons
23%
Toes Doigts de pied
21%
Thumb Pouce (m)
18%
No matching quizzes found
Score Distribution
Percent of People with Each Score
Percentile by Number Answered
Your Score History
You have not taken this quiz